Psalm 91 - "The Lord is my refuge" - Statistics

General Stats
  • This quiz has been taken 8 times
  • The average score is 11 of 36
Answer Stats
Verse Lines % Correct
my God, in whom I {trust}.”
86%
3 Surely he will {save} you
86%
from the fowler’s {snare}
71%
9 If you say, “The Lord is my {refuge},”
71%
2 I will say of the Lord, “He is my {refuge} and my fortress,
71%
and under his {wings} you will find refuge;
57%
7 A {thousand} may fall at your side,
57%
and you make the Most High your {dwelling},
43%
but it will not {come} near you.
43%
and from the {deadly} pestilence.
29%
14 “Because he {loves} me,” says the Lord, “I will rescue him;
29%
4 He will cover you with his {feathers},
29%
his faithfulness will be your {shield} and rampart.
29%
I will {deliver} him and honor him.
29%
10 no {harm} will overtake you,
29%
nor the {arrow} that flies by day,
29%
so that you will not strike your foot against a {stone}.
29%
ten thousand at your {right} {hand},
29%
1 Whoever {dwells} in the shelter of the Most High
29%
will rest in the {shadow} of the Almighty.
29%
8 You will only {observe} with your {eyes}
29%
and see the {punishment} of the wicked.
14%
and show him my {salvation}.”
14%
11 For he will command his {angels} concerning you
14%
6 nor the pestilence that {stalks} in the darkness,
14%
nor the plague that destroys at {midday}.
14%
12 they will lift you up in their {hands},
14%
5 You will not fear the {terror} of night,
14%
you will trample the {great} {lion} and the serpent.
14%
13 You will tread on the lion and the {cobra};
14%
15 He will {call} on me, and I will {answer} him;
0%
I will be with him in {trouble},
0%
I will protect him, for he acknowledges my {name}.
0%
no disaster will come near your {tent}.
0%
to {guard} you in all your ways;
0%
16 With long life I will {satisfy} him
0%
No matching quizzes found
Score Distribution
Percent of People with Each Score
Percentile by Number Answered
Your Score History
You have not taken this quiz